Loading...
Philosophy | 0 | 4 | 0 | 1 | 40 | 101 | 123.75 | 0 | 3 |
Literature - British Literature | 0 | 4 | 2 | 0 | 30 | 107 | 117.00 | 0 | 0 |
Literature - World Literature | 0 | 2 | 0 | 0 | 20 | 63 | 78.00 | 0 | 2 |
History - American History | 0 | 1 | 0 | 0 | 10 | 111 | 111.00 | 0 | 1 |
Literature - American Literature | 0 | 2 | 2 | 1 | 10 | 108 | 128.00 | 0 | 1 |
Fine Arts - Classical Music | 0 | 1 | 1 | 0 | 5 | 133 | 133.00 | 0 | 0 |
Science - Biology | 0 | 1 | 1 | 1 | 5 | 135 | 135.00 | 0 | 0 |
Social Science | 0 | 1 | 1 | 1 | 5 | 119 | 119.00 | 0 | 1 |
Literature - European Literature | 0 | 1 | 2 | 0 | 0 | 122 | 122.00 | 0 | 1 |
Fine Arts - Other Fine Arts | 0 | 0 | 1 | 0 | -5 | 0.00 | 0 | 0 | |
Religion | 0 | 0 | 2 | 0 | -10 | 0.00 | 0 | 0 |